Cities of T20I Cricket Grounds played by Full Member Nations - Statistics

General Stats
  • This quiz has been taken 13 times
    12 since last reset
  • The average score is 68 of 122
Answer Stats
Country Stadiums No. Of Matches % Correct
India Brabourne Stadium, Mumbai 1
100%
Australia Stadium Australia, Sydney 4
100%
Australia Sydney Cricket Ground, Sydney 18
100%
India Wankhede Stadium, Mumbai 8
100%
New Zealand Westpac Stadium, Wellington 16
100%
Australia Adelaide Oval, Adelaide 13
89%
India Arun Jaitley Stadium, Delhi 7
89%
Ireland Castle Avenue, Dublin 6
89%
UAE Dubai International Cricket Stadium, Dubai 92
89%
New Zealand Eden Park, Auckland 28
89%
UAE ICC Academy Ground, Dubai 35
89%
Ireland Malahide Cricket Club, Dublin 18
89%
Australia Melbourne Cricket Ground, Melbourne 19
89%
India Narendra Modi Stadium, Ahmedabad 7
89%
USA Nassau County International Cricket Stadium, New York 8
89%
South Africa Newlands, Cape Town 21
89%
Australia Perth Stadium, Perth 8
89%
Sri Lanka P Sara Oval, Colombo 2
89%
Sri Lanka R Premadasa Stadium, Colombo 47
89%
Bangladesh Sher-e-Bangla National Stadium, Dhaka 63
89%
Sri Lanka Sinhalese Sports Club Ground, Colombo 2
89%
Australia The Gabba, Brisbane 10
89%
Australia WACA Ground, Perth 2
89%
India BRSABV Ekana Cricket Stadium, Lucknow 6
78%
Pakistan Gadaffi Stadium, Lahore 23
78%
Zimbabwe Harare Sports Club, Harare 41
78%
England Kennington Oval, London 17
78%
West Indies Kensington Oval, Bridgetown, Barbados 32
78%
England Lord's, London 10
78%
India MA Chidambaram Stadium, Chennai 2
78%
India Maharashtra Cricket Association Stadium, Pune 4
78%
India M Chinnaswamy Stadium, Bengaluru 10
78%
Pakistan National Stadium, Karachi 11
78%
West Indies Queen's Park Oval, Port of Spain, Trinidad 6
78%
West Indies Sabina Park, Kingston, Jamaica 9
78%
UAE Sheikh Zayed Stadium, Abu Dhabi 66
78%
UAE Tolerance Oval, Abu Dhabi 8
78%
India Eden Gardens, Kolkata 11
67%
Scotland Grange Cricket Club, Edinburgh 24
67%
Kenya Gymkhana Club Ground, Nairobi 29
67%
England Headingley, Leeds 1
67%
Singapore Indian Association Ground, Singapore 19
67%
Australia Manuka Oval, Canberra 5
67%
West Indies Providence Stadium, Guyana 18
67%
India Saurashtra Cricket Association Stadium, Rajkot 5
67%
India Sawai Mansingh Stadium, Jaipur 1
67%
UAE Sharjah Cricket Stadium, Sharjah 38
67%
Wales Sophia Gardens, Cardiff 9
67%
Namibia United Cricket Club, Windhoek 19
67%
Namibia Wanderers Cricket Ground, Windhoek 19
67%
Oman Al Amerat Cricket Ground (Turf 1), Muscat 99
56%
Oman Al Amerat Cricket Ground (Turf 2), Muscat 32
56%
New Zealand AMI Stadium, Christchurch 4
56%
West Indies Arnos Vale Ground, Kingstown, St. Vincent 7
56%
Australia Bellerive Oval, Hobart 13
56%
South Africa Boland Park, Paarl 1
56%
West Indies Brian Lara Stadium, Tarouba, Trinidad 8
56%
West Indies Daren Sammy Cricket Stadium, Gros Islet, St. Lucia 24
56%
England Edgbaston, Birmingham 8
56%
New Zealand Hagley Oval, Christchurch 11
56%
India JSCA International Stadium Complex, Ranchi 4
56%
South Africa Kingsmead, Durban 18
56%
South Africa Moses Mabhida Stadium, Durban 1
56%
South Africa New Wanderers Stadium, Johannesburg 33
56%
England Old Trafford, Manchester 12
56%
India Rajiv Gandhi International Stadium, Hyderabad 2
56%
Pakistan Rawalpindi Cricket Stadium, Rawalpindi 8
56%
South Africa Supersport Park, Centurion 14
56%
England Trent Bridge, Nottingham 14
56%
India Vidarbha Cricket Association Stadium, Nagpur 13
56%
West Indies Warner Park, Basseterre, St. Kitts 12
56%
Bangladesh Zahur Ahmed Choudhury Stadium, Chattogram 27
56%
India Barsapara Cricket Stadium, Guwahati 4
44%
South Africa Buffalo Park, East London 3
44%
USA Central Broward Regional Park Stadium, Florida 17
44%
West Indies Coolidge Cricket Ground, Coolidge, Antigua 15
44%
India Dr. YSR ACA-VDCA Cricket Stadium, Vizag 4
44%
USA Grand Prairie Stadium, Dallas 4
44%
India Green Park, Kanpur 1
44%
India Holkar Cricket Stadium, Indore 4
44%
South Africa Mangaung Oval, Bloemfontein 2
44%
India Punjab Cricket Association Stadium, Mohali 7
44%
Zimbabwe Queens Sports Club, Bulawayo 19
44%
India Rajiv Gandhi International Cricket Stadium, Dehradun 6
44%
England Riverside Ground, Chester-le-Street 4
44%
England Rose Bowl, Southampton 11
44%
South Africa Senwes Park, Potchefstroom 2
44%
West Indies Sir Vivian Richards Stadium, North Sound, Antigua 21
44%
South Africa St. George's Park, Gqeberha 4
44%
Bangladesh Sylhet International Cricket Stadium, Sylhet 13
44%
West Indies Windsor Park, Roseau, Dominica 4
44%
Ireland Civil Service Cricket Club, Belfast 27
33%
England County Ground, Bristol 6
33%
India Greenfield International Stadium, Trivandrum 4
33%
Netherlands Hazelaarweg, Rotterdam 6
33%
New Zealand John Davies Oval, Queenstown 1
33%
New Zealand Mclean Park, Napier 6
33%
Sri Lanka Pallekele International Cricket Stadium, Pallekele 23
33%
USA Prairie View Cricket Complex, Houston 7
33%
Sri Lanka Rangiri Dambulla International Stadium, Dambulla 3
33%
New Zealand Seddon Park, Hamilton 13
33%
China Zhejiang University of Technology Cricket Field, Hangzhou 17
33%
India Barabati Stadium, Cuttack 3
22%
India Greater Noida Sports Complex Ground, Greater Noida 6
22%
Bangladesh Khan Shaheb Osman Ali Stadium, Fatullah 4
22%
Sri Lanka Mahinda Rajapaksa International Cricket Ground, Hambantota 7
22%
Kenya Mombasa Sports Club Ground, Mombasa 3
22%
West Indies National Cricket Stadium, St. George's, Grenada 8
22%
Australia Riverway Stadium, Townsville 3
22%
New Zealand Saxton Oval, Nelson 2
22%
Bangladesh Sheikh Abu Naser Stadium, Khulna 5
22%
Australia Simonds Stadium, Geelong 7
22%
New Zealand University Oval, Dunedin 3
22%
New Zealand Bay Oval, Mt. Maunganui 12
11%
Ireland Bready Cricket Club, Bready 12
11%
Australia Carrara Oval, Carrara 2
11%
South Africa Diamond Oval, Kimberley 1
11%
India Himachal Pradesh Cricket Association Stadium, Dharamsala 10
11%
Canada Maple Leaf North-West Ground, King City 8
11%
Netherlands Sportpark Het Schootsveld, Deventer 7
11%
Netherlands Sportpark Westvliet, The Hague 12
11%
England The Cooper Associates County Ground, Taunton 1
11%
No matching quizzes found
Score Distribution
Percent of People with Each Score
Percentile by Number Answered
Your Score History
You have not taken this quiz since the last reset